000 01290nam a2200217Ia 4500
003 Ost
005 20260507075454.0
008 260507s9999||||xx |||||||||||||| ||und||
020 _a55048699539
040 _cfsecg
041 _aara
082 _a330
100 _aدويدار، محمد
_eمؤلف
245 0 _aمبادئ الاقتصاد السياسي :
_bمذاهب الفكر الاقتصادي /
_c محمد دويدار
260 _aبيروت:
_bمنشروات الحلبي الحقوقية,
_c2008
300 _a351 صفحة؛
_c24 سم
520 _aتقدم هذا الكتاب في ثلاث أبواب حيث بين الباب الأول مفهوم الاقتصاد السياسي كعلم بالحالة التي يوجد عليها في يومنا هذا أما الباب الثاني أعطى موجزا لتاريخ الاقتصاد السياسي ومراحل تطوره من الاشتراكية الى الرأس مالية أما الباب الثالث الإقتصاد السياسي علم طرق الانتاج انطلاقا من مفهوم فكرة الانتاج إلى الخصائص الجوهرية لطريقة الانتاج الاشتراكية
653 _aاقتصاد سياسي
653 _aالفكر اقتصادي
942 _cكتاب
999 _c44652
_d44652